000 00777nam a2200253 4500
001 74400
003 BD-RjUL
005 20211209082539.0
008 180910s2008 ii ||||| b||| 001 0 eng d
020 _a9788126131907 :
_cRs.3000.00
035 _a(BD-RjUL)74618
040 _aBD-RjUL
_beng
_cBD-RjUL
041 _aeng
082 _223
_a297.124
_bHAD 2008
245 _aHadith on polity /
_cMohammad Razi Khan Afridi
260 _aNew Delhi, India :
_bAnmol Publications,
_c2008.
300 _ax, 312 pages ;
_c25 cm
504 _aIncludes Bibliography and Index
650 _aHadith
_vCriticism, interpretation, etc.
_9222409
650 _aIslam and politics.
_9222411
650 _aHadith.
_9222413
700 _aAfridi, Mohammad Razi Khan
_9222414
942 _2ddc
_cBK
999 _c74400
_d74400